Employment of the 18s rRNA screening PCR technique in the detection of Equine Piroplasmosis, in horses of sports and military operations, of the Brazilian Army (Registro n. 327919)
[ somente texto ]
| 000 -LÍDER | |
|---|---|
| fixed length control field | 03587nab a2200301 i 4500 |
| 003 - CÓDIGO MARC DA AGÊNCIA CATALOGADORA | |
| Campo de controle | BR-BrBNA |
| 005 - DATA E HORA DA ÚLTIMA ATUALIZAÇÃO | |
| Campo de controle | 20241003134743.0 |
| 008 - CAMPO DE TAMANHO FIXO | |
| fixed length control field | 241003b2018 bl.|r|pooa||| 00| 0 eng | |
| 040 ## - FONTE DA CATALOGAÇÃO | |
| Agência catalogadora | BR-BrBNA |
| Idioma da catalogação | eng |
| 072 ## - CATEGORIA AGRIS | |
| Código AGRIS | L70 |
| Código do objeto | 5120 |
| 072 ## - CATEGORIA AGRIS | |
| Código AGRIS | L73 |
| 100 ## - ENTRADA PRINCIPAL - NOME PESSOAL | |
| Nome pessoal | Sousa, C.P. |
| 100 ## - ENTRADA PRINCIPAL - NOME PESSOAL | |
| Nome pessoal | Soares, J.G.B. |
| 245 ## - TÍTULO PRINCIPAL | |
| Título principal | Employment of the 18s rRNA screening PCR technique in the detection of Equine Piroplasmosis, in horses of sports and military operations, of the Brazilian Army |
| 500 ## - NOTA GERAL | |
| Nota geral | <br/>Publicação online; 18 ref.; 3 tables; Summaries (En, Pt) |
| 942 ## - ADDED ENTRY ELEMENTS (KOHA) | |
| Koha item type | Analítica |
| 520 ## - NOTA DE RESUMO | |
| Nota de conteúdo | <br/><br/>ABSTRACT - The present work had the objective of detecting the occurrence of Equine Piroplasmosis in horses housed in the 3rd Guards Cavalry Regiment (GCR) – Brazilian Army (BA) ˗ Porto Alegre, RS-Brazil, as well as to demonstrate the proactivity of PCR (Polymerase Chain Reaction) technique, aiming at the judicious use of the resources involved in the training and employment of Equines in the Brazilian Army. Fifty horses of the 3rd GCR - Porto Alegre ˗ RS, which are employed for Sport, Military Ceremonial, Law and Order Guarantee Operations (LOGO), were evaluated by means of the 18s r RNA screening with PCR technique, thirty eight horses with Babesia Caballi and Theileria Equi were detected, which corresponds to an incidence of 76% of the horses effective analyzed at the time. In this way, it can be verified that the Military activity have its "performance and effectiveness" factors threatened in case the health of the principal of his means employed, that is the horse, is compromised. The PCR technique then offers a reliable and feasible tool for the detection of Equine Piroplasmosis in BA horses.<br/><br/><br/>Keywords: Horses, Babesia Caballi, Detection, PCR, LOGO, GCR, BA |
| 520 ## - NOTA DE RESUMO | |
| Nota de conteúdo | <br/><br/>RESUMO - O presente trabalho teve como objetivo detectar a ocorrência de Piroplasmose equina em cavalos alojados no 3º Regimento de Cavalaria de Guarda (RCG) – Exército Brasileiro (EB) – Porto Alegre, RS, Brasil, bem como demonstrar a forma proativa do método da PCR (reação em cadeia de polimerase), objetivando o uso criterioso dos recursos envolvidos no treinamento e emprego de equinos no Exército Brasileiro. Foram avaliados 50 cavalos da 3ª GCR-Porto Alegre, RS, empregados nas modalidades de: esporte, cerimonial militar e operações de garantia da lei e da ordem (GLO), por meio da triagem da região do genoma 18S rRNA mediante a aplicação do método da PCR. Foram positivas as amostras de 38 equinos para Babesia caballi e Theileria Equi, o que corresponde a uma incidência de 76% dos cavalos efetivos analisados na época. Dessa forma, verifica-se que as atividades militares tem seus fatores de "desempenho e efetividade" ameaçados no caso da saúde do principal de seus meios empregados, o Cavalo, estar comprometida. A técnica de PCR, então, oferece uma ferramenta confiável e viável para a detecção de Piroplasmose em equinos do EB.<br/><br/><br/>Palavras-chave: Cavalos, Babesia Caballi, Detecção, EB. |
| 650 ## - ASSUNTO - THESAGRO | |
| Cabeçalho tópico ou nome geográfico | CAVALO |
| 650 ## - ASSUNTO - THESAGRO | |
| Cabeçalho tópico ou nome geográfico | ZOONOSE |
| 650 ## - ASSUNTO - THESAGRO | |
| Cabeçalho tópico ou nome geográfico | PARASITO |
| 650 ## - ASSUNTO - THESAGRO | |
| Cabeçalho tópico ou nome geográfico | PIROPLASMOSE |
| 650 ## - ASSUNTO - THESAGRO | |
| Cabeçalho tópico ou nome geográfico | BIOQUÍMICA ANIMAL |
| 650 ## - ASSUNTO - THESAGRO | |
| Cabeçalho tópico ou nome geográfico | VETERINÁRIA PREVENTIVA |
| 773 0# - ENTRADA ANALÍTICA | |
| Host Biblionumber | 1643 |
| Registro do item | 344976 |
| Imprenta | Belo Horizonte-MG Universidade Federal de Minas Gerais - Escola de Veterinaria 1983 |
| Outro identificador | 2024-5389 |
| Título | Arquivo Brasileiro de Medicina Veterinária e Zootecnia (Brazil) |
| ISSN | 0102-0935 |
| Colação | v. 70(6) p. 1680-1684; (2018) |
| Número de controle de registro | BR2024002772 |
| 856 ## - ACESSO E ENDEREÇO ELETRÔNICO | |
| Identificador uniforme de recurso - URI | https://www.scielo.br/j/abmvz/a/6V3bSGTScsTtVFG9YLs5ssS/?format=pdf&lang=en |
Nenhum exemplar disponível.

BINAGRI